|
|
|
|
| LEADER |
01666nam a2200445 a 4500 |
| 001 |
nkc20091965296 |
| 003 |
CZ PrNK |
| 005 |
20190416111440.0 |
| 007 |
ta |
| 008 |
090828s2009 xr a e p 001 0 cze |
| 015 |
|
|
|a cnb001965296
|
| 020 |
|
|
|a 978-80-247-2986-2
|q (váz.)
|
| 035 |
|
|
|a (OCoLC)455845359
|
| 040 |
|
|
|a ABA001
|b cze
|
| 041 |
0 |
|
|a cze
|b eng
|
| 072 |
|
7 |
|a 658
|x Řízení a správa podniku
|2 Konspekt
|9 4
|
| 072 |
|
7 |
|a 37.016
|x Učební osnovy. Vyučovací předměty. Učebnice
|2 Konspekt
|9 22
|
| 080 |
|
|
|a 658.8:339.564
|2 MRF
|
| 080 |
|
|
|a (075)
|2 MRF
|
| 100 |
1 |
|
|a Machková, Hana
|7 jn20010310427
|4 aut
|
| 245 |
1 |
0 |
|a Mezinárodní marketing :
|b nové trendy a reflexe změn ve světě /
|c Hana Machková
|
| 250 |
|
|
|a 3., aktualiz. a přeprac. vyd.
|
| 260 |
|
|
|a Praha :
|b Grada,
|c c2009
|
| 300 |
|
|
|a 196 s. :
|b il. ;
|c 25 cm
|
| 490 |
1 |
|
|a Expert
|
| 500 |
|
|
|a Dotisk r. 2011
|
| 504 |
|
|
|a Obsahuje bibliografii, bibliografické odkazy a rejstřík
|
| 546 |
|
|
|a Anglické resumé
|
| 650 |
0 |
7 |
|a mezinárodní marketing
|7 ph122808
|2 czenas
|
| 650 |
0 |
9 |
|a export marketing
|2 eczenas
|
| 655 |
|
7 |
|a učebnice
|7 fd133770
|2 czenas
|
| 655 |
|
9 |
|a textbooks
|2 eczenas
|
| 830 |
|
0 |
|a Expert (Grada)
|0 s
|
| 856 |
4 |
1 |
|u http://www.digitalniknihovna.cz/mzk/uuid/uuid:ff7fa3d0-cc82-11e8-bc37-005056827e51
|y Digitalizovaný dokument
|x NDK
|
| 910 |
2 |
|
|a BOA001
|b 3-1228.528
|
| 990 |
|
|
|a BK
|
| 995 |
|
|
|a 01
|
| 991 |
|
|
|b 200909
|c NOV
|j 658.8 MAC
|
| 996 |
6 |
|
|b 2610386239
|c 3-1228.528
|l MZK
|r HSS 4p
|n 0
|p p.v.
|h 658.7/.8 MAC
|w 000961507
|u 000010
|a 0
|e BOA001
|j MZK50
|s P
|
| 996 |
6 |
|
|b 2610531148
|c 3-1228.528
|l MZK
|r Sklad / do 1 hodiny
|n 23
|p kup
|w 000961507
|u 000020
|a 1
|e BOA001
|j MZK50
|s P
|